LEADER 01492nam 2200397 a 450 001 9910700996403321 005 20110829124333.0 035 $a(CKB)5470000002413059 035 $a(OCoLC)748273701 035 $a(EXLCZ)995470000002413059 100 $a20110829d2010 ua 0 101 0 $aeng 135 $aurcn||||||||| 181 $ctxt$2rdacontent 182 $cc$2rdamedia 183 $acr$2rdacarrier 200 00$aCaBIG® Integration Hub$b[electronic resource] $eclinical trials workflow integration 210 1$a[Bethesda, Md.] :$cU.S. Dept. of Health and Human Services, National Institutes of Health, National Cancer Institute,$d[2010] 215 $a1 online resource (2 unnumbered pages) $ccolor illustrations 225 1 $aNIH publication ;$vno. 10-7532 300 $aTitle from title screen (viewed on Aug. 29, 2011). 300 $a"Printed February 2010." 517 $aCaBIG Integration Hub 606 $aClinical trials$xReporting$xComputer programs 606 $aRecording and registration$xData processing$xComputer programs 606 $aElectronic data interchange 615 0$aClinical trials$xReporting$xComputer programs. 615 0$aRecording and registration$xData processing$xComputer programs. 615 0$aElectronic data interchange. 712 02$aNational Cancer Institute (U.S.) 801 0$bGPO 801 1$bGPO 906 $aBOOK 912 $a9910700996403321 996 $aCaBIG® Integration Hub$93526376 997 $aUNINA